00481 a2200181 450000100060000002000150000604000240002110000180004524000330006324500280009630000070012436200090013144000150014065000310015594200070018695200890019399900170028270077 a8571061068 cAnchieta - Itaigara aPrado, Marisa10aO tempo que o tempo temlpor10aO tempo que o tempo tem a320 a1997 1aSalamandra 4aLiteratura infanto-juvenil cBK 00104070a88.1b88.1d2023-11-21l0p3134/ITAr2023-11-21 20:04:56w2023-11-21yBK c70077d70077